000 01125nam a2200253 a 4500
001 BRCA_1314
005 20190320203354.0
008 940215s1994 dcua---##b---#001-0#eng-#
020 _a1560984538
040 _aDLC
_cDLC
_dDLC
050 4 _aE98
_b.C74 1994
245 1 0 _aCreation´s journey
_bNative American Identity and Belief
_cedited by Tom Hill and Richard W. Hill.
260 _aWashington
_bSmithsonian Institution Press : National Museum of the American Indian Smithsonian Institution
_c1994
300 _a255 p.
_bil. (algunas a color)
_c31 cm.
500 _aCatálogo de la exposición realizada en el National Museum of the American Indian, (Nueva York), octubre 1994 - febrero 1997
500 _aEpílogo : ´Art Through Indian Eyes´. Richard W. Hill Sr.
504 _aBiliografia: p. 247-252
610 2 4 _aMuseo Nacional del Indio Americano (Estados Unidos)
_vExposiciones
_94298
650 1 4 _aArte indígena
_vExposiciones
_zNorteamérica
_94299
650 1 4 _aIndios de Norteamérica
_vExposiciones
_xCultura material
_94300
700 1 _aHill, Tom
_94301
700 1 _aHill, Richard W
_94302
942 _2lcc
_cB
999 _c1178
_d1178